000
00464nam a2200145Ia 4500
008
100122s9999 xx 000 0 und d
082
_b
30938
_a
823
100
_a
मेहता शशिकला
245
_a
ही अशी ती तशी
260
_b
भगवानदास हिरजी प्रकाशन
_c
1980
300
_a
136
630
_a
ही अशी ती तशी
730
_a
ही अशी ती तशी
942
_c
BOOK
999
_c
415708
_d
415705